Normal view
MARC view
Entry Personal Name
001 - CONTROL NUMBER
- control field: 13554
003 - CONTROL NUMBER IDENTIFIER
- control field: HDC
005 - DATE AND TIME OF LATEST TRANSACTION
- control field: 20230624073418.0
008 - FIXED-LENGTH DATA ELEMENTS
- fixed length control field: 210210|| aca||aabn | a|a d
040 ## - CATALOGING SOURCE
- Original cataloging agency: HDC
- Transcribing agency: HDC
100 ## - HEADING--PERSONAL NAME
- Personal name: Marois, James J
670 ## - SOURCE DATA FOUND
- Source citation: Work cat.: (HDC): Marois, James J. author, Integrated Management of Paddy and Aquatic Weeds in Asia. Integration of Biological Control Inti IPM System for Aquatic Weeds / by, 1994
